| 000 | 00762 a2200205 4500 | ||
|---|---|---|---|
| 020 | _a047122894X | ||
| 040 |
_aDLC _bDLC |
||
| 082 | 0 | 0 | _a005.8 |
| 100 | 1 | _aSchneier, Bruce | |
| 245 | 1 | 0 |
_aPractical cryptography _cNiels Ferguson, Bruce Schneier. |
| 260 |
_aNew York : _bWiley, _cc2003. |
||
| 300 |
_axx, 410 p. : _bill. ; _c25 cm. |
||
| 650 | 0 | _aCryptography. | |
| 650 | 0 | _aComputer security. | |
| 700 | 1 |
_aSchneier, Bruce, _d1963- |
|
| 856 | 4 | 2 |
_3Contributor biographical information _uhttp://www.loc.gov/catdir/bios/wiley044/2003276249.html |
| 856 | 4 | 2 |
_3Publisher description _uhttp://www.loc.gov/catdir/description/wiley036/2003276249.html |
| 856 | 4 | 2 |
_3Table of contents _uhttp://www.loc.gov/catdir/toc/wiley032/2003276249.html |
| 942 |
_cBK _k005.8 SCH _2ddc |
||
| 999 |
_c6894 _d6894 |
||